000 00480nam a2200181Ia 4500
005 20250508151746.0
008 008 250505s9999 xx 000 0 hin d
037 _aTextual
040 _aFEDL
_beng
_cFEDL
041 _ahin
_2eng
084 _a928.913, CHE
_qFEDL
100 _aShem Chandra
245 0 _aJeevan samritiya
260 _aDelhi, India
_bAatma Ram and Sons
_c1952
300 _a248p.
942 _cTEXL
_h928.913, CHE
999 _c1331965
_d1331965